| 000 | 00745nam a22002057a 4500 | ||
|---|---|---|---|
| 005 | 20140509181803.0 | ||
| 010 | _aB-529801 | ||
| 020 | _c575.00 | ||
| 035 | _aB-529801 | ||
| 037 | _bUBH | ||
| 082 | _a350 | ||
| 100 | _aSheeran, Patrick J. | ||
| 245 |
_aEthics in Public Adminsitration: _cby Patrick J. Sheeran _ba philosophical approach / |
||
| 260 |
_aJaipur _bRawat Publications _c2006 |
||
| 270 |
_aSatyam Apts, Sector 3, Jawahar Nagar _bJaipur _e302004 |
||
| 300 |
_a166p _c26cm(hb) |
||
| 500 | _aincludes Index | ||
| 942 |
_2ddc _cEN _h350 _mSHE |
||
| 999 |
_c84161 _d84161 |
||